1684 1255 1535 1548 1342 2000 1246 1761 1401 1724 1968 1848 1971 1604 1251 1256 1243 1216 1634 1531 1062 1311 1611 1740 1418 1100 1592 1954 1782 1485 1837 1968 1254 1858 1949 1865 1921 1320 1249 1545 1524 1053 1594 1678 1566 1408 1906 1483 1560 1048 1730 1519 1089 1182 1900 1005 1372 1539 1067 1341 1380 1036 1125 1445 1860 1193 1406 1240 1552 1834 1150 1875 1899 1489 1630 1600 1580 1294 1154 1391 1232 1604 1298 1132 1267 1302 1806 1940 1590 1671 1259 1228 1906 1545 1262 1074 1520 1131 1522 BCNSPRNW ULIB Ver.6.0+V

เปลี่ยนเป็นภาษาไทย

Change to English
 แสดงรายละเอียดบรรณานุกรม
  กลับหน้าหลัก

Brief Record : Get Marc (ISO 2709) : E-mail record : QR code < ปิดหน้าต่าง
LEADER : 00000nam 2200000uu 4500
001    13399110160
003     ULIB
008    110425s2553||||th 000 0 tha d
020    9786161103934
060  4 WX215^bl882น 2553
100 0  สุวิภา นิตยากูร, สุนทรี อภิญญานนท์ และกนกวรรณ พึ่งรัศมี,ผู้เรียบเรียง
245 00 แนวทางการพัฒนาระบบการส่งต่อผู้ป่วย=^n Guidelines of referral system development./^cสุวิภา นิตยากูร, สุนทรี อภิญญานนท์ และกนกวรรณ พึ่งรัศมี,ผู้เรียบเรียง
260    นนทบุรี:^bสำนักบริหารการสาธารณสุข สำนักงานปลัดกระทรวงสาธารณสุข,^c2553
300    152 หน้า:^bภาพประกอบ
650  7 ระบบการส่งต่อผู้ป่วย
650  7 Referral System
700 0  สุนทรี อภิญญานนท์
700 0  กนกวรรณ พึ่งรัศมี
945    ^p0^l0^i030003
945    ^p0^l0^i030001
945    ^p0^l0^i030002
995    เกษร
999 ^a ใช้งานได้ทุกระบบ
รายการนี้ยังไม่มีแท็ก
คุณยังไม่ได้ล็อกอิน คุณสามารถมีกิจกรรมร่วมกับเว็บไซต์ได้ แต่ต้องล็อกอินก่อน ::
  ล็อกอิน

รายการสื่อสารสนเทศ

ลำดับที่ ประเภท เลขเรียก/บาร์โค้ด สถานที่ สถานะ
1. วิทยาศาสตร์การแพทย์ และสุขภาพ
หนังสือสำรอง
สถานะ=หนังสือสำรอง
WX215 l882น 2553 ฉ.1 
  Barcode: 030001
ห้องสมุดวิทยาเขตสวรรค์ประชารักษ์
►ส่วนจัดเก็บหนังสือเก่า สปร
บนชั้น
  ขอยืม
2. วิทยาศาสตร์การแพทย์ และสุขภาพ
วิทยาศาสตร์การแพทย์ และสุขภาพ
WX215 l882น 2553 ฉ.2 
  Barcode: 030002
ห้องสมุดวิทยาเขตสวรรค์ประชารักษ์
►ส่วนจัดเก็บหนังสือเก่า สปร
บนชั้น
  ขอยืม
3. วิทยาศาสตร์การแพทย์ และสุขภาพ
วิทยาศาสตร์การแพทย์ และสุขภาพ
WX215 l882น 2553 ฉ.3 
  Barcode: 030003
ห้องสมุดวิทยาเขตสวรรค์ประชารักษ์
►ส่วนจัดเก็บหนังสือเก่า สปร
บนชั้น
  ขอยืม

BibComment


ยังไม่เคยถูกคอมเมนท์

คอมเมนท์ทรัพยากรรายการนี้
  คอมเมนท์: แนวทางการพัฒนาระบ..


 Copyright 2026. Bcnsprnw @Library